Statistics for Denver Street Names

Click here to take the quiz!

General Stats

  • This quiz has been taken 59 times
  • The average score is 77 of 201

Answer Stats

DirectionBlockStreet Name% Correct
N160016th
80%
N130013th
77%
N140014th
77%
N170017th
77%
N180018th
77%
N1500Colfax
77%
S1800Colorado
77%
E4000Colorado
77%
N100010th
73%
N110011th
73%
N120012th
73%
N190019th
73%
N1001st
73%
N200020th
73%
N210021st
73%
N220022nd
73%
N2002nd
73%
N3003rd
73%
N4004th
73%
N5005th
73%
N6006th
73%
N7007th
73%
N8008th
73%
N9009th
73%
N230023rd
70%
N240024th
70%
N250025th
70%
N260026th
70%
N270027th
70%
N280028th
70%
N290029th
70%
N300030th
70%
N310031st
67%
N330033rd
67%
E000Broadway
67%
W000Broadway
67%
E100Lincoln
67%
N350035th
63%
N370037th
63%
N380038th
63%
N390039th
63%
N400040th
63%
S3500Hampden
63%
N360036th
60%
S300Alameda
60%
S1100Mississippi
60%
W5200Sheridan
57%
E1100Corona
53%
E1200Downing
53%
S2100Evans
53%
N3200MLK
53%
E700Washington
53%
E2300York
53%
S1500Florida
50%
E1600Franklin
50%
E300Grant
50%
S2700Yale
50%
S3100Dartmouth
47%
E1500Humboldt
47%
E1400Lafayette
47%
S1700Mexico
47%
E2000Race
47%
E2400University
47%
S000Ellsworth
43%
N000Ellsworth
43%
W3000Federal
43%
S2500Harvard
43%
E1900High
43%
E2400Josephine
43%
E3500Madison
43%
E600Pearl
43%
W1000Santa Fe
43%
W200Bannock
40%
N3400Bruce Randolph
40%
E800Clarkson
40%
S3000Cornell
40%
E400Logan
40%
E3600Monroe
40%
S800Ohio
40%
E2100Vine
40%
S500Virginia
40%
E3300Adams
37%
DTD2600Boulder
37%
DTD700California
37%
W300Cherokee
37%
DTD100Cheyenne
37%
S2300Iliff
37%
E1300Marion
37%
E1000Ogden
37%
E500Pennsylvania
37%
E3100St Paul
37%
S1000Tennessee
37%
S1200Arizona
33%
E2500Columbine
33%
E2900Fillmore
33%
E3700Garfield
33%
S900Kentucky
33%
DTD1300Larimer
33%
E3000Milwaukee
33%
E200Sherman
33%
DTD800Stout
33%
W2400Zuni
33%
W100Acoma
30%
DTD1100Arapahoe
30%
S1400Arkansas
30%
S200Cedar
30%
DTD200Cleveland
30%
S400Dakota
30%
E2800Detroit
30%
E2600Elizabeth
30%
E900Emerson
30%
S700Exposition
30%
W600Fox
30%
E2200Gaylord
30%
E1700Gilpin
30%
S1600Iowa
30%
E3800Jackson
30%
W1600Pecos
30%
S2800Amherst
27%
S100Bayaud
27%
W400Delaware
27%
W1100Kalamath
27%
W3600Lowell
27%
W1300Mariposa
27%
W1400Navajo
27%
W1500Osage
27%
DTD2400Platte
27%
E3200Steele
27%
E1800Williams
27%
W4900Xavier
27%
DTD1500Blake
23%
S600Center
23%
DTD2500Central
23%
W2700Clay
23%
W2800Decatur
23%
S3200Eastman
23%
DTD2700Erie
23%
S3300Floyd
23%
W700Galapago
23%
S3400Girard
23%
W3200Hooker
23%
W800Huron
23%
DTD1400Market
23%
W4000Perry
23%
W2000Tejon
23%
W4400Tennyson
23%
S2200Warren
23%
DTD600Welton
23%
W2500Alcott
20%
S2900Bates
20%
E2700Clayton
20%
E3400Cook
20%
W500Elati
20%
W3100Grove
20%
E3900Harrison
20%
W900Inca
20%
W1000Jason
20%
S1900Jewel
20%
W3500Knox
20%
DTD1200Lawrence
20%
W1200Lipan
20%
DTD2200Little Raven
20%
W1700Quivas
20%
W1900Shoshone
20%
W4300Stuart
20%
S2600Vassar
20%
DTD1700Wynkoop
20%
W5000Yates
20%
W5100Zenobia
20%
W2600Bryant
17%
DTD900Champa
17%
DTD500Glenarm
17%
W3300Irving
17%
W3500King
17%
W3700Meade
17%
S1300Nebraska
17%
DTD400Tremont
17%
W2100Umatilla
17%
W4500Utica
17%
W2200Vallejo
17%
DTD1600Wazee
17%
S2400Wesley
17%
DTD1800Wewatta
17%
W2300Wyandot
17%
S2000Asbury
13%
DTD300Court
13%
DTD1000Curtis
13%
DTD1900Delgany
13%
W2900Eliot
13%
W3400Julian
13%
W3800Newton
13%
W3900Osceola
13%
W4100Quitman
13%
W4200Raleigh
13%
W1800Raritan
13%
DTD2300Water
13%
W4700Winona
13%
DTD2000Chestnut
10%
W4800Wolff
10%
DTD2100Bassett
7%
W4600Vivian
7%

Score Distribution

Percentile by Number Answered

Percent of People with Each Score

Your Score History

You have not taken this quiz